000 00281nam a2200109 a 4500
005 20200929165209.0
008 100330s2001 000 spa d
020 _a9993467014
245 4 _aLas dos grandes geurras del siglo XX.
260 _aSanto Domingo,
_c2001.
999 _c17218
_d17218
040 _aDO-SdBNP